000 00473nam a2200169Ia 4500
008 090711s9999 xx 000 0 und d
082 _b41968
100 _aगुप्ते Sाारुशीला
245 _aपालखी
260 _c1980
300 _a191
600 _aगुप्ते Sाारुशीला
630 _aपालखी
700 _aगुप्ते Sाारुशीला
730 _aपालखी
942 _cBOOK
999 _c294782
_d294782